|
|
|
|
| LEADER |
00000nam0a2200000 4500 |
| 001 |
186684 |
| 005 |
20231031173626.0 |
| 010 |
|
|
|a 5283029336
|
| 020 |
|
|
|a RU
|b 91-43895
|
| 035 |
|
|
|a (RuTPU)RU\TPU\book\202544
|
| 090 |
|
|
|a 186684
|
| 100 |
|
|
|a 20101101d1991 km y0rusy5003 ca
|
| 101 |
0 |
|
|a rus
|
| 102 |
|
|
|a RU
|
| 105 |
|
|
|a a z 001zy
|
| 200 |
1 |
|
|a Оптимизация детектирования гамма-излучения сцинтилляционными кристаллами
|f Ю. А. Цирлин, М. Е. Глобус, Е. П. Сысоева
|
| 210 |
|
|
|a Москва
|c Энергоатомиздат
|d 1991
|
| 215 |
|
|
|a 152,[1] с.
|c ил.
|d 21 см
|
| 320 |
|
|
|a Библиогр.: с. 145-151 (206 назв.).
|
| 610 |
1 |
|
|a гамма-лучи
|
| 610 |
1 |
|
|a сцинтилляционные счетчики
|
| 610 |
1 |
|
|a регистрация
|
| 610 |
1 |
|
|a режим работы
|
| 610 |
1 |
|
|a детектирование
|
| 610 |
1 |
|
|a радиометрия
|
| 610 |
1 |
|
|a светособирание
|
| 610 |
1 |
|
|a расчеты
|
| 675 |
|
|
|a 539.122.074.3
|z rus
|
| 686 |
|
|
|a 29.15
|2 rugasnti
|
| 700 |
|
1 |
|a Цирлин
|b Ю. А.
|g Юрий Аронович
|4 070
|
| 701 |
|
1 |
|a Глобус
|b М. Е.
|g Маргарита Ефремовна
|
| 701 |
|
1 |
|a Сысоева
|b Е. П.
|g Елена Павловна
|
| 801 |
|
0 |
|a RU
|b RuMRKP
|c 19950417
|g psbo
|
| 801 |
|
1 |
|a RU
|b 63413507
|c 20101101
|
| 801 |
|
2 |
|a RU
|b 63413507
|c 20160119
|g RCR
|
| 942 |
|
|
|c BK
|